| 000 | 00577nam a2200217Ia 4500 | ||
|---|---|---|---|
| 003 | OSt | ||
| 005 | 20240807161404.0 | ||
| 008 | 210210b1982 xxu||||| |||| 00| 0 eng d | ||
| 040 | _cAL | ||
| 041 | _aEnglish | ||
| 082 | _a809.88914 SAHB | ||
| 100 |
_aSAHITYA AKADEMI. _9172545 |
||
| 245 | _aBankimchandra Chatterjee: Makers of Indian Literature | ||
| 260 |
_aN D _bSahitya Akademi _c1982 |
||
| 300 | _a66 | ||
| 650 |
_aBankimchandra Chatterjee _9172546 |
||
| 690 |
_aIndian Literature _9172547 |
||
| 700 |
_aS C Sengupta. _9172548 |
||
| 906 | _a053743 | ||
| 942 |
_2ddc _cBK |
||
| 999 |
_c101444 _d101444 |
||